| 000 | 00473nam a2200181Ia 4500 | ||
|---|---|---|---|
| 001 | 15412 | ||
| 005 | 20260306170154.0 | ||
| 008 | 260306t2015||||xx |||||||||||||| ||und|| | ||
| 041 | _aESP | ||
| 082 |
_a540 _bB81 |
||
| 100 |
_aBracciaforte, Romina _eAUT |
||
| 245 | 0 |
_aManual de química general: _bteórico, ejercicios y prácticos de laboratorio |
|
| 260 | _c2015 | ||
| 300 |
_a415 páginas : _c25 cm. |
||
| 650 | _aGEN | ||
| 654 | _aCCN | ||
| 942 |
_cLIB _dJUS _fJUS _2ddc _n |
||
| 999 |
_c15412 _d15412 |
||